01055cam a2200241 a 450000100100000000500170001000800410002702000150006804000180008304300210010108200190012210000510014124501130019226001110030530000280041650400560044465100420050065100520054265100480059491000340064295201220067699900150079800000591420200929151834.0000906s2000 mx a b 001 0 spa  a9701843665 aDO-SdBNPcDLC an-mx---an-us--- a972.0814bE77f1 aEsparza Valdivia, Ricardo Cuauhtémoc.91668013aEl fenómeno magonista en México y en Estados Unidos, 1905-1908 /cRicardo Cuauhtémoc Esparza Valdivia. aZacatecas, México :bCentro de Investigaciones Históricas. Universidad Autónoma de Zacatecas,c2000. a196 p. :bil. ;c22 cm. aIncluye referencias bibliográficas: (p. 186-196). 4aMéxicoxHistoriay1867-1910.916681 4aMéxicozRelaciones ConxEstados Unidos916682 4aEstados UnidosxHistoriay1901-1909.916683 aCatalogación por copia / LC 001052708MOaGRbGRcCTd2009-08-24iLF1l0o972.0814 E77fp5914-10r2020-06-25w2020-06-25y2ZPréstamo interno c5710d5710